000 00397nam a22001217a 4500
082 _a200 THE
100 _aZamah Bukhari
_915692
245 _aTH-SOF-1441-Impact of Social Media on the Success of Technological Entrepreneurial Ventures
260 _aIslamabad
_bNUST College of EME
_c2017
650 _aMS-EM-9 MSTHESIS
_969389
700 _aSupervisor Dr Muhammad Tahir Nawaz
_969856
942 _cCF
999 _c577306
_d577306